Laufey Lyrics - Clean Air - Statistics

General Stats
  • This quiz has been taken 7 times
  • The average score is 98 of 143
Answer Stats
Lyrics % Correct
a
100%
air
100%
clean,
100%
clean
100%
Clean
100%
I’m
100%
In
100%
it
100%
me
100%
my
100%
My
100%
of
100%
Of
100%
Oh-oh-oh-oh
100%
the
100%
You
100%
Your
100%
you’re
100%
an
75%
and
75%
atmosphere
75%
breathing
75%
fuck
75%
get
75%
I’d
75%
I’ve
75%
like
75%
on
75%
or
75%
out
75%
oxygen
75%
see
75%
some
75%
this
75%
To
75%
to
75%
when
75%
although
50%
back
50%
bedroom
50%
been
50%
bullets
50%
comments
50%
corner
50%
Cyclone
50%
day
50%
deprived
50%
Doctor
50%
Don’t
50%
down
50%
dragged
50%
Dusting
50%
every
50%
find
50%
for
50%
gets
50%
gold
50%
Guess
50%
happiness,
50%
has
50%
heart
50%
hell
50%
hollow
50%
hours
50%
knows
50%
left
50%
Lord
50%
lover
50%
matter
50%
nothing
50%
Nothing
50%
now
50%
Now
50%
pastures,
50%
Pleading
50%
praying
50%
really
50%
Saging
50%
said
50%
scary,
50%
shook
50%
somehow
50%
soul
50%
suffered,
50%
sunlight
50%
sunny
50%
surface,
50%
Sweeter
50%
sweeter
50%
there’s
50%
Three
50%
through
50%
tide
50%
Tiny
50%
turned
50%
wait
50%
warmer
50%
weird
50%
Went
50%
winter
50%
wounded
50%
X-ray
50%
advised
25%
ricocheted
25%
weakened
25%
No matching quizzes found
Score Distribution
Percent of People with Each Score
Percentile by Number Answered
Your Score History
You have not taken this quiz